000 01100cab a2200193 4500
001 ##L133449
008 060509n2006 000 0 eng u
035 _a(Sirsi) u133449
041 0 _aeng
100 1 _aRoberts, Gwyn
245 0 0 _aLift his shadow
260 _c2006
490 0 _aProperty Week
_v71(18) 5 May 2006, 50-51(2)
520 _aProperty Week have launched a campaign to clean up residential estate agencies who have put a stain on the industry. They are urging the property industry to write to the DTI minister to tell him to allow only approved agents to operate. In the past, the government felt that self-regulation or a free-market approach was the answer. However, there is strong feeling now that if the property industry leads the charge for regulation, ministers will oblige. This article presents the views of top residential agents who yearn for a reform. It also examines how the rest of the world outlaws cowboy firms.
590 _aIKA090506
690 _aPROPERTY-RESIDENTIAL PROPERTY-RESIDENTIAL PROPERTY MARKET
700 1 _aNeil-Gallacher, Ettie
942 _n0
999 _c77014
_d77014